000 01750cam a2200133 4500500
005 20251214002847.0
041 _afre
042 _adc
100 1 0 _aZarka, Yves Charles
_eauthor
245 0 0 _aL'inappropriabilité de la Terre : Principe d’une refondation philosophique face aux enjeux de notre temps
260 _bArmand Colin,
_c2013.
520 _aLa Terre est dans un état critique. Surexploitée, spoliée, sa finitude est niée par l’appropriation productiviste qui domine notre temps et qui accroît les inégalités au sein des sociétés et entre les parties du monde. La Terre n’est pas simplement le globe terrestre, elle est aussi et fondamentalement le monde habitable. En la détruisant continuellement, l’homme s’autodétruit. Il devient urgent de nous reprendre si l’humanité souhaite rester libre de son destin et transmettre un monde habitable aux générations futures.Beaucoup de choses ont été dites ou écrites sur les autres développements possibles, mais il manquait un principe susceptible de rendre compte du sens philosophique du tournant que nous devons prendre.Tel est l’enjeu de ce livre qui entend repenser, par le concept d’inappropriabilité, notre être dans son rapport aux autres, à l’humanité et au monde vivant. Cette refondation repose sur trois piliers (cosmopolitique, politique et éthique) et vient revisiter la manière dont nous vivons et agissons, individuellement et collectivement. Elle doit, au final, permettre de surmonter le nihilisme contemporain et restaurer l’espoir en un avenir qui ne soit pas hanté par le spectre de la catastrophe.
856 4 1 _uhttps://shs.cairn.info/linappropriabilite-de-la-terre--9782200242985?lang=fr&redirect-ssocas=7080
999 _c1567546
_d1567546